[Event "CRO-ch U11 Girls"]
[Site "Trogir"]
[Date "2023.06.22"]
[Round "3"]
[White "Rilje, Lucija"]
[Black "Medos, Petra"]
[Result "1-0"]
[WhiteElo "1091"]
[BlackElo "1600"]
[PlyCount "45"]
[EventDate "2023.06.21"]
[EventType "swiss"]
[EventRounds "9"]
[EventCountry "CRO"]
[SourceTitle "EXT 2024"]
[Source "ChessBase"]
[SourceDate "2023.10.10"]
[SourceVersion "1"]
[SourceVersionDate "2023.10.10"]
[SourceQuality "1"]

1. e4 e5 2. Nf3 Nc6 3. d4 Bd6 4. Bb5 exd4 5. Bxc6 dxc6 6. Nxd4 Qf6 7. Be3 c5 8. Nb5 Be5 9. c3 b6 10. 0-0 Qg6 11. Qd5 Bh3 12. Qxe5+ Ne7 13. Qg3 Qc6 14. Nxc7+ Kd8 15. Nxa8 Qxa8 16. Qxh3 Qxe4 17. Nd2 Qc2 18. Rad1 Nf5 19. Ne4+ Ke8 20. Qxf5 Qa4 21. Nd6+ Ke7 22. Qxf7+ Kd8 23. Bg5# 1-0